ბათუმის შოთა რუსთაველის სახელმწიფო უნივერსიტეტის ბიბლიოთეკა

ჰიდრავლიკის საფუძვლები : სახელმძღვ. / (ბიბ.ჩანაწერი № 38407)

000 -ლიდერი
ფიქსირებული სიგრძის საკონტროლო ველი 00848nam a2200217Ia 4500
001 - საკონტროლო ნომერი
საკონტროლო ველი 4418
003 - საკონტროლო ნომრის იდენტიფიკატორი
საკონტროლო ველი GE_BSU
005 - ბოლო ოპერაციის თარიღი და დრო
საკონტროლო ველი 20190606185029.0
008 - ფიქსირებული სიგრძის მონაცემთა ელემენტები - ზოგადი ინფორმაცია
ფიქსირებული სიგრძის საკონტროლო ველი 181216s1981||||ge |||||||||||||| ||geo||
040 ## - კატალოგიზაციის წყარო
Transcribing agency GE_BSU
041 ## - ენის კოდი
Language code of text/sound track or separate title geo
080 ## - უნივერსალური ათობითი კლასიფიკაციის ინდექსი
Universal Decimal Classification number 532.1(075.8) ქ-84
100 ## - მთავარი ჩანაწერი - პიროვნების სახელი
Personal name ქუთათელაძე, ნ.
9 (RLIN) 1248
245 ## - ცნობა სათაურის შესახებ
Title ჰიდრავლიკის საფუძვლები : სახელმძღვ. /
Statement of responsibility, etc ნ.ქუთათელაძე ; რედ. კ.გრიგალაშვილი .
264 ## - წარმოების, გამოცემის, დისტრიბუციის და სხვა ცნობები
გამოცემის, წარმოების, დისტრიბუციის... ადგილი თბილისი :
გამოცემის, წარმოების, დისტრიბუციის... სახელწოდება განათლება,
გამოცემის, წარმოების, დისტრიბუციის... თარიღი 1981.
300 ## - ფიზიკური აღწერა
Extent 365 გვ. :
Other physical details ილ. ;
Dimensions 22 სმ.
653 ## - INDEX TERM--UNCONTROLLED
Uncontrolled term ჰიდრავლიკა.
653 ## - INDEX TERM--UNCONTROLLED
Uncontrolled term ფიზიკა
700 ## - ADDED ENTRY--PERSONAL NAME
Personal name გრიგალაშვილი, კ
Relator term რედაქტორი
9 (RLIN) 1249
942 ## - ADDED ENTRY ELEMENTS (KOHA)
Koha item type წიგნი
Source of classification or shelving scheme
ეგზემპლარები
ჩამოწერის სტატუსი დაკარგული ეგზემპლარის სტატუსი კლასიფიკაციის წყარო ან თაროზე გაწყობის სქემა დაზიანების სტატუსი არ გაიცემა მუდმივი მდებარეობა (დაცვის ადგილი) ამჟამინდელი ადგილსამყოფელი თაროზე განთავსების ადგილი შეძენის თარიღი ღირებულება, შესყიდვის ნორმალური ფასი სრული შენახვის შიფრი შტრიხკოდი ბოლო ოპერაციის თარიღი ეგზემპლარის მიმდევრობითი ნომერი (კეტერი?) ფასის ძალაში შესვლის თარიღი ეგზემპლარის სახეობა საჯარო შენიშვნა
          ტექნოლოგიური ფაკულტეტის ბიბლიოთეკა ტექნოლოგიური ფაკულტეტის ბიბლიოთეკა წიგნსაცავი 2019-06-07 2.00 532.1(075.8) ქ-84 8636 2019-06-07 8636 2019-06-07 წიგნი 2.00
          ტექნოლოგიური ფაკულტეტის ბიბლიოთეკა ტექნოლოგიური ფაკულტეტის ბიბლიოთეკა წიგნსაცავი 2019-06-07 2.00 532.1(075.8) ქ-84 8637 2019-06-07 8637 2019-06-07 წიგნი 2.00 ლ.
          ტექნოლოგიური ფაკულტეტის ბიბლიოთეკა ტექნოლოგიური ფაკულტეტის ბიბლიოთეკა წიგნსაცავი 2019-06-07 2.00 532.1(075.8) ქ-84 8638 2019-06-07 8638 2019-06-07 წიგნი 2.00 ლ.
          ტექნოლოგიური ფაკულტეტის ბიბლიოთეკა ტექნოლოგიური ფაკულტეტის ბიბლიოთეკა წიგნსაცავი 2019-06-07 2.00 532.1(075.8) ქ-84 10404 2019-06-07 10404 2019-06-07 წიგნი 2.00 ლ.
          ტექნოლოგიური ფაკულტეტის ბიბლიოთეკა ტექნოლოგიური ფაკულტეტის ბიბლიოთეკა წიგნსაცავი 2019-06-07 2.00 532.1(075.8) ქ-84 10405 2019-06-07 10405 2019-06-07 წიგნი 2.00 ლ.
          ტექნოლოგიური ფაკულტეტის ბიბლიოთეკა ტექნოლოგიური ფაკულტეტის ბიბლიოთეკა წიგნსაცავი 2019-06-07 2.00 532.1(075.8) ქ-84 10403 2019-06-07 10403 2019-06-07 წიგნი 2.00 ლ.
          ტექნოლოგიური ფაკულტეტის ბიბლიოთეკა ტექნოლოგიური ფაკულტეტის ბიბლიოთეკა წიგნსაცავი 2019-06-07 2.00 532.1(075.8) ქ-84 10406 2019-06-07 10406 2019-06-07 წიგნი 2.00 ლ.
          ტექნოლოგიური ფაკულტეტის ბიბლიოთეკა ტექნოლოგიური ფაკულტეტის ბიბლიოთეკა წიგნსაცავი 2019-06-07 2.00 532.1(075.8) ქ-84 10407 2019-06-07 10407 2019-06-07 წიგნი 2.00 ლ.
          ტექნოლოგიური ფაკულტეტის ბიბლიოთეკა ტექნოლოგიური ფაკულტეტის ბიბლიოთეკა წიგნის კალათა 2019-06-07 2.00 532.1(075.8) ქ-84 12187 2019-06-07 12187 2019-06-07 წიგნი 2.00 ლ.
          ტექნოლოგიური ფაკულტეტის ბიბლიოთეკა ტექნოლოგიური ფაკულტეტის ბიბლიოთეკა წიგნსაცავი 2019-06-07 2.00 532.1(075.8) ქ-84 12188 2019-06-07 12188 2019-06-07 წიგნი 2.00 ლ.